| 000 | 01000nas a2200265Ia 4500 | ||
|---|---|---|---|
| 001 | R702/49173 | ||
| 003 | IT-RoPAU | ||
| 008 | 151124c99999999xx |||||||||||| ||und|| | ||
| 040 | _aIT-RoPAU | ||
| 040 | _cIT-RoPAU | ||
| 041 | _aFRANCESE | ||
| 100 |
_aAA.VV. _gCodice Aut. SPICS: 12000 |
||
| 210 | _aDEGRES | ||
| 222 | _aDegres | ||
| 245 |
_aDEGRES, N.005 (GENNAIO 1974) _bDegres, N.005 (Gennaio 1974) |
||
| 250 | _a1a ed. | ||
| 260 |
_aBRUXELLES _bDEGRES _c1974 |
||
| 501 |
_bPaulus - SPICS - Società San Paolo EM (non-commercial uses only) _cCopyright2015 |
||
| 300 | _a134 p. | ||
| 310 | _aTRIMESTRALE | ||
| 362 | _aANNO 002, N.005 (GENNAIO 1974) | ||
| 500 | _aRivista di Sintesi a Orientamento Semiologico. Dossier su Forma e Transazione. Recensioni dei Libri: Jean Ricardou: le Nouveau Roman, la Dynamique Theatrale D'Eugene Ionesco De Paul Vernois, Les Langages De Parry: Essai De Semiotique Litteraire De Michel | ||
| 650 |
_aSEMIOTICA _vPUBBLICAZIONE PERIODICA |
||
| 942 | _cCR | ||
| 999 |
_c110540 _d110540 |
||